| 000 | 00583nam a2200217 4500 | ||
|---|---|---|---|
| 001 | 9377 | ||
| 003 | ES-MaACL | ||
| 005 | 20230906145648.0 | ||
| 007 | t| | ||
| 008 | 930818s1988 sp ||||1| spa d | ||
| 020 | _a84-348-2353-5 | ||
| 080 | _a821.134.2-31"19" | ||
| 080 | _a86(Siles,M.7 G.01) | ||
| 100 | 1 |
_aSiles, Manuel, _d1921-1984 _9106340 |
|
| 245 | 1 | 3 |
_aEl gran triunfo de Marcos Calderón / _cManuel Siles. |
| 250 | _a1ª ed. | ||
| 260 |
_a[Madrid : _bM. Siles], _c1988. |
||
| 300 |
_a102 p. ; _c21 cm. |
||
| 852 | 4 |
_aES-MaACL _jL-16903 |
|
| 999 |
_c9377 _d9377 |
||